000
00302nam a2200133Ia 4500
008
231011s9999 xx 000 0 und d
041
_a
eng
100
_a
Fitter Nasha
245
_a
You are Hired
250
_a
1st
260
_b
Penguin Books India Pvt Ltd -
_c
2009
300
_a
434
365
_b
140
999
_c
897453
_d
897453